000 01032nas a2200337 4500
001 BR0302759
003 BR-BrBNA
005 20231205103829.0
007 ta
008 230509b bl.|||p| |||| 00| 00por d
040 _aBR-BrBNA
_bpor
_cBiblioteca Nacional de Agricultura
041 _a(Pt)
072 _aF03
100 1 _aFerreira, G.
100 1 _aDetoni, A.M.
100 1 _aTesser, S.M.
100 1 _aMalavasi, M.M.
245 1 _aAvaliação de métodos de extração do arilo e tratamento com ethephon em sementes de Passiflora giberli N.E. Brown pelos testes de germinação e de tetrazólio
650 _aMARACUJÁ
650 _aGERMINAÇÃO
650 _aEXTRAÇÃO
650 _aETEFON
650 _aMÉTODO
650 _aDORMÊNCIA
650 _aSEMEADURA
650 _aTEGUMENTO
650 _aTESTE DE TETRAZÓLIO
773 0 _tRevista Brasileira de Sementes (Brazil)
_xISSN 0101-3122
_g(2002), v. 24(1) p. 248-253
_wBR0302759
909 _a202311
_bLúcia
_c55
_dLúcia Elande
942 _2AGRIS
_n0
_cANA
999 _c174944
_d174944